[Event "Fagernes op"]
[Site "Fagernes"]
[Date "2024.03.28"]
[Round "6"]
[White "Sorensen, Hampus"]
[Black "Lund, Gunnar"]
[Result "1/2-1/2"]
[WhiteElo "2428"]
[BlackElo "2335"]
[PlyCount "77"]
[EventDate "2024.03.24"]
[EventType "swiss"]
[EventRounds "9"]
[EventCountry "NOR"]
[SourceTitle "CB14_2024"]
[SourceDate "2024.04.01"]
[SourceVersion "1"]
[SourceVersionDate "2024.04.01"]
[SourceQuality "1"]

1. d4 d5 2. c4 e6 3. Nc3 Nf6 4. cxd5 exd5 5. Bg5 Be7 6. e3 c6 7. Bd3 Nbd7 8. Bf4 0-0 9. h3 Re8 10. Nf3 Nf8 11. 0-0 Ng6 12. Bh2 Bd6 13. Bxd6 Qxd6 14. Qc2 Bd7 15. Rfb1 Qe7 16. b4 Rac8 17. b5 c5 18. Qb2 c4 19. Bc2 Be6 20. b6 a6 21. Qb4 Qd8 22. a4 Ne7 23. a5 Bf5 24. Qb2 Bxc2 25. Qxc2 Nc6 26. Nd2 Qe7 27. Qa4 Rcd8 28. Nf1 Ne4 29. Nxe4 Qxe4 30. Ng3 Qg6 31. Ne2 h6 32. Rb2 Qg5 33. Qd1 Ne7 34. Nc3 Nf5 35. Qg4 Qf6 36. Qf3 Qg5 37. Qg4 Qf6 38. Qf3 Qg5 39. Qg4 1/2-1/2

[Event "Fagernes op"]
[Site "Fagernes"]
[Date "2024.03.27"]
[Round "5"]
[White "Lund, Gunnar"]
[Black "Koelle, Tobias"]
[Result "1/2-1/2"]
[WhiteElo "2335"]
[BlackElo "2460"]
[PlyCount "65"]
[EventDate "2024.03.24"]
[EventType "swiss"]
[EventRounds "9"]
[EventCountry "NOR"]
[SourceTitle "CB14_2024"]
[SourceDate "2024.04.01"]
[SourceVersion "1"]
[SourceVersionDate "2024.04.01"]
[SourceQuality "1"]

1. d4 Nf6 2. Nf3 d5 3. c4 e6 4. g3 Bb4+ 5. Bd2 a5 6. Qc2 0-0 7. Bg2 Be7 8. 0-0 c6 9. Bg5 Nbd7 10. Nbd2 b6 11. e4 dxe4 12. Nxe4 Nxe4 13. Bxe7 Qxe7 14. Qxe4 Bb7 15. Rfe1 Rfd8 16. Rac1 Nf6 17. Qc2 c5 18. d5 Rd6 19. Nh4 Qc7 20. dxe6 fxe6 21. Bxb7 Qxb7 22. Rcd1 Rad8 23. Rxd6 Rxd6 24. Qe2 Qf7 25. Nf3 h6 26. Kg2 Qb7 27. h3 Qc6 28. Kh2 Qa4 29. b3 Qd7 30. Ne5 Qb7 31. Ng4 Nxg4+ 32. Qxg4 Qf7 33. Re2 1/2-1/2

[Event "Fagernes op"]
[Site "Fagernes"]
[Date "2024.03.24"]
[Round "1"]
[White "Lund, Gunnar"]
[Black "Aamodt, Peder Marcus"]
[Result "1/2-1/2"]
[WhiteElo "2335"]
[BlackElo "1941"]
[PlyCount "120"]
[EventDate "2024.03.24"]
[EventType "swiss"]
[EventRounds "9"]
[EventCountry "NOR"]
[SourceTitle "CB14_2024"]
[SourceDate "2024.04.01"]
[SourceVersion "1"]
[SourceVersionDate "2024.04.01"]
[SourceQuality "1"]

1. c4 e6 2. Nf3 Nf6 3. g3 d5 4. Bg2 dxc4 5. Na3 Bxa3 6. bxa3 0-0 7. Qc2 b5 8. Ng5 c6 9. Bb2 Re8 10. 0-0 e5 11. f4 e4 12. Nxe4 Nxe4 13. Bxe4 h6 14. Bf3 Qb6+ 15. e3 Nd7 16. Rfe1 Rb8 17. d4 cxd3 18. Qxd3 c5 19. Rad1 c4 20. Qd4 Nf6 21. a4 bxa4 22. Qxb6 Rxb6 23. Bd4 Bb7 24. Be2 Rc6 25. Rb1 Ba6 26. Rec1 Ne4 27. Bf3 c3 28. Rb4 Rc4 29. Rxc4 Bxc4 30. Bxe4 Rxe4 31. a3 Re6 32. Rxc3 Rc6 33. Bxa7 Bd5 34. Bc5 f5 35. Kf2 Kf7 36. g4 Ke6 37. Kg3 fxg4 38. Kxg4 g6 39. h4 Be4 40. h5 gxh5+ 41. Kxh5 Kd5 42. Bd4 Bf3+ 43. Kh4 Rxc3 44. Bxc3 Ke4 45. Bd4 Kf5 46. Kg3 Bd5 47. Bg7 h5 48. Bf8 Be4 49. Be7 Bd5 50. Kf2 Bc4 51. Ke1 Ke4 52. Kd2 Be6 53. Ke2 Bc4+ 54. Kf2 Kf5 55. Bc5 Bd5 56. Kg3 Be4 57. Kh4 Bf3 58. Kg3 Be4 59. Kh4 Bf3 60. Kg3 Be4 1/2-1/2

[Event "Titled Tuesday intern op 13th Feb Early"]
[Site "Chess.com INT"]
[Date "2024.02.13"]
[Round "6"]
[White "Lund, Gunnar"]
[Black "Tiarks, Jann Christian"]
[Result "0-1"]
[WhiteElo "2321"]
[BlackElo "2180"]
[PlyCount "70"]
[EventDate "2024.02.13"]
[EventType "swiss (blitz)"]
[EventRounds "11"]
[EventCountry "USA"]
[SourceTitle "CB08_2024"]
[SourceDate "2024.02.21"]
[SourceVersion "1"]
[SourceVersionDate "2024.02.21"]
[SourceQuality "1"]

1. d4 c5 2. d5 d6 3. Nc3 e5 4. e4 Nf6 5. h3 Be7 6. g4 Nbd7 7. g5 Ng8 8. h4 h6 9. g6 fxg6 10. Qg4 Nf8 11. Qg3 Nf6 12. Be2 Nh5 13. Bxh5 gxh5 14. Qxg7 Rh7 15. Qg3 Bg4 16. f3 Bd7 17. Nge2 Qb6 18. a4 c4 19. a5 Qc5 20. Qf2 Qxf2+ 21. Kxf2 0-0-0 22. Be3 Ng6 23. Bxa7 Bxh4+ 24. Rxh4 Nxh4 25. b3 Rf8 26. Ng1 Nxf3 27. Nxf3 Rhf7 28. Nd1 Rxf3+ 29. Kg2 Rf1 30. bxc4 Bg4 31. c5 Bxd1 32. Ra2 Be2 33. cxd6 Rg8+ 34. Kh2 Bf3 35. Bg1 Rfxg1 0-1

[Event "Titled Tuesday intern op 06th Feb Early"]
[Site "Chess.com INT"]
[Date "2024.02.06"]
[Round "3"]
[White "Warmerdam, Max"]
[Black "Lund, Gunnar"]
[Result "1-0"]
[WhiteElo "2617"]
[BlackElo "2321"]
[PlyCount "141"]
[EventDate "2024.02.06"]
[EventType "swiss (blitz)"]
[EventRounds "11"]
[EventCountry "USA"]
[SourceTitle "CB07_2024"]
[SourceDate "2024.02.14"]
[SourceVersion "1"]
[SourceVersionDate "2024.02.14"]
[SourceQuality "1"]

1. Nf3 d5 2. g3 Nf6 3. Bg2 e6 4. c4 dxc4 5. Qa4+ Bd7 6. Qxc4 c5 7. d4 Bc6 8. dxc5 Nbd7 9. Be3 Rc8 10. b4 b6 11. Nc3 bxc5 12. b5 Bd5 13. Qa4 Qb6 14. 0-0 Be7 15. Nxd5 exd5 16. Nh4 0-0 17. Nf5 Rfe8 18. Rfd1 d4 19. Bg5 h6 20. Bh4 Bf8 21. Bxf6 Nxf6 22. Bf3 g6 23. Nh4 c4 24. Rac1 Ne4 25. Bxe4 Rxe4 26. Rxc4 Rce8 27. Nf3 Rxe2 28. Rc6 Qb7 29. Rxd4 Bg7 30. Rf4 Qd7 31. Qc4 R8e7 32. Rxg6 Qh3 33. Rxg7+ Kxg7 34. Qc3+ Kg8 35. Rc4 Re8 36. a4 Qe6 37. a5 Ra2 38. Kg2 Qd5 39. Rg4+ Kf8 40. Qg7+ Ke7 41. Rd4 Qxb5 42. Ne5 Qb7+ 43. Kh3 Qc8+ 44. g4 Qe6 45. Rd7+ Qxd7 46. Nxd7 Ra3+ 47. Kh4 Kxd7 48. Qxf7+ Re7 49. Qd5+ Ke8 50. f4 Rae3 51. Qg8+ Kd7 52. f5 Re2 53. Qd5+ Ke8 54. h3 R2e5 55. Qc6+ Kf7 56. Qxh6 Ke8 57. Qg6+ Kd7 58. Kg5 Re8 59. h4 R5e7 60. h5 Rf8 61. h6 Rff7 62. Kh5 Ke8 63. Qc6+ Kf8 64. Qc8+ Re8 65. Qc5+ Kg8 66. g5 Ref8 67. f6 Rd7 68. Qc4+ Kh8 69. Qc3 Rfd8 70. f7+ Kh7 71. g6# 1-0

[Event "NOR-chT Elite 2324"]
[Site "Norway"]
[Date "2024.02.04"]
[Round "6.13"]
[White "Mitusov, Semen"]
[Black "Lund, Gunnar"]
[Result "0-1"]
[WhiteElo "2487"]
[BlackElo "2321"]
[PlyCount "78"]
[EventDate "2023.10.27"]
[EventType "team-tourn"]
[EventRounds "9"]
[EventCountry "NOR"]
[SourceTitle "CB16_2024"]
[SourceDate "2024.04.17"]
[SourceVersion "1"]
[SourceVersionDate "2024.04.17"]
[SourceQuality "1"]
[WhiteTeam "OSS"]
[BlackTeam "Tromsoe"]
[WhiteTeamCountry "NOR"]
[BlackTeamCountry "NOR"]

1. e4 e6 2. d4 d5 3. Nc3 Nf6 4. e5 Nfd7 5. f4 c5 6. Nf3 Nc6 7. Be3 h6 8. Be2 g5 9. fxg5 cxd4 10. Nxd4 Ndxe5 11. Qd2 hxg5 12. Bxg5 Bh6 13. Bxd8 Bxd2+ 14. Kxd2 Kxd8 15. Nf3 Bd7 16. h4 Ke7 17. Nxe5 Nxe5 18. g4 Bc6 19. Nd1 d4 20. Rh2 Bf3 21. Nf2 Rac8 22. Rc1 Bxe2 23. Kxe2 Nc4 24. Nd3 Ne3 25. Kf3 Rhg8 26. g5 f6 27. gxf6+ Kxf6 28. c3 Nf5 29. cxd4 Rcd8 30. Rc3 Rxd4 31. h5 e5 32. Ke2 e4 33. Nf2 e3 34. Nd3 Re4 35. Kf3 Rgg4 36. Ke2 Nd4+ 37. Kf1 e2+ 38. Kf2 e1Q+ 39. Nxe1 Re2+ 0-1

[Event "Titled Tuesday intern op 16th Jan Early"]
[Site "Chess.com INT"]
[Date "2024.01.16"]
[Round "9"]
[White "Ioannidis, Evgenios"]
[Black "Lund, Gunnar"]
[Result "1-0"]
[WhiteElo "2519"]
[BlackElo "2321"]
[PlyCount "67"]
[EventDate "2024.01.16"]
[EventType "swiss (blitz)"]
[EventRounds "11"]
[EventCountry "USA"]
[SourceTitle "CB04_2024"]
[SourceDate "2023.10.16"]
[SourceVersion "1"]
[SourceVersionDate "2023.10.16"]
[SourceQuality "1"]

1. d4 d5 2. c4 e6 3. Nc3 Nf6 4. cxd5 exd5 5. Bg5 Be7 6. e3 c6 7. Bd3 Nbd7 8. h3 h6 9. Bf4 0-0 10. Nf3 Ne8 11. Qc2 Bd6 12. Ne5 Bxe5 13. dxe5 Qe7 14. 0-0-0 Nxe5 15. Be2 Nd6 16. g4 Bd7 17. e4 Nxe4 18. Nxe4 dxe4 19. Bxe5 Qxe5 20. Rxd7 Qf4+ 21. Kb1 Qxf2 22. Rxb7 Rab8 23. Rxb8 Rxb8 24. Rf1 Qd4 25. Bc4 e3 26. Bxf7+ Kh8 27. Bg6 a5 28. Kc1 a4 29. Rd1 Qb4 30. Qc3 e2 31. Rd8+ Rxd8 32. Qxb4 a3 33. bxa3 c5 34. Qe1 1-0

[Event "Titled Tuesday intern op 16th Jan Early"]
[Site "Chess.com INT"]
[Date "2024.01.16"]
[Round "4"]
[White "Khromkin, Andrey"]
[Black "Lund, Gunnar"]
[Result "0-1"]
[WhiteElo "2191"]
[BlackElo "2321"]
[PlyCount "46"]
[EventDate "2024.01.16"]
[EventType "swiss (blitz)"]
[EventRounds "11"]
[EventCountry "USA"]
[SourceTitle "CB04_2024"]
[SourceDate "2023.10.16"]
[SourceVersion "1"]
[SourceVersionDate "2023.10.16"]
[SourceQuality "1"]

1. d4 e5 2. dxe5 Nc6 3. Bf4 Qe7 4. Nf3 Qb4+ 5. Bd2 Qxb2 6. Nc3 Bb4 7. Rb1 Qxc3 8. Bxc3 Bxc3+ 9. Nd2 Nxe5 10. Rb3 Ba5 11. Re3 d6 12. f4 Bb6 13. Re4 f5 14. Rb4 Ng4 15. Rxb6 axb6 16. Nb3 N8f6 17. h3 Ne3 18. Qd2 Nxf1 19. Rxf1 Rxa2 20. Rf3 0-0 21. Rc3 Be6 22. Rxc7 Bxb3 23. cxb3 Rxd2 0-1

[Event "NOR-ch Rapid"]
[Site "Bergen"]
[Date "2024.01.13"]
[Round "4"]
[White "Lund, Gunnar"]
[Black "Fossan, Petter"]
[Result "1/2-1/2"]
[WhiteElo "2321"]
[BlackElo "2277"]
[PlyCount "59"]
[EventDate "2024.01.13"]
[EventType "swiss (rapid)"]
[EventRounds "10"]
[EventCountry "NOR"]
[SourceTitle "CB03_2024"]
[SourceDate "2024.01.17"]
[SourceVersion "1"]
[SourceVersionDate "2024.01.17"]
[SourceQuality "1"]

1. d4 Nf6 2. c4 e6 3. Nf3 Bb4+ 4. Bd2 c5 5. Bxb4 cxb4 6. a3 bxa3 7. Rxa3 0-0 8. Nc3 d5 9. e3 Nc6 10. Be2 b6 11. 0-0 a5 12. cxd5 exd5 13. Bb5 Nb4 14. Ne5 Ba6 15. Qe2 Qd6 16. Bxa6 Rxa6 17. Qb5 Ra7 18. Na4 Rb8 19. Rc1 Nd7 20. Rac3 f6 21. Rc8+ Nf8 22. Rxb8 Qxb8 23. Nc6 Rc7 24. Rc3 Qe8 25. Na7 Qb8 26. Nc6 Qe8 27. Na7 Qb8 28. Nc6 Qe8 29. Na7 Qc8 30. Rc6 1/2-1/2

[Event "Titled Tuesday intern op 09th Jan Early"]
[Site "Chess.com INT"]
[Date "2024.01.09"]
[Round "2"]
[White "Lund, Gunnar"]
[Black "Svane, Frederik"]
[Result "1/2-1/2"]
[WhiteElo "2321"]
[BlackElo "2625"]
[PlyCount "118"]
[EventDate "2024.01.09"]
[EventType "swiss (blitz)"]
[EventRounds "11"]
[EventCountry "USA"]
[SourceTitle "CB03_2024"]
[SourceDate "2024.01.17"]
[SourceVersion "1"]
[SourceVersionDate "2024.01.17"]
[SourceQuality "1"]

1. d4 Nf6 2. c4 e6 3. Nf3 d5 4. Nc3 Nbd7 5. e3 a6 6. b3 dxc4 7. Bxc4 b5 8. Bd3 Bb7 9. 0-0 c5 10. Bb2 cxd4 11. Nxd4 Bc5 12. Nce2 0-0 13. Ng3 Qe7 14. Qe2 Rfd8 15. Rfd1 Rac8 16. Rac1 h6 17. Nf3 Ba3 18. Bb1 Bxf3 19. gxf3 Rxc1 20. Bxc1 Bxc1 21. Rxc1 Nb6 22. Qb2 b4 23. Qe2 Qa7 24. Rd1 Rxd1+ 25. Qxd1 Qc7 26. Bd3 a5 27. Be2 Nbd5 28. Qd4 Qc3 29. Qa7 Qa1+ 30. Kg2 Qxa2 31. Bc4 g6 32. h4 Kg7 33. h5 Qc2 34. hxg6 Qxg6 35. Qxa5 h5 36. Bxd5 Nxd5 37. Qa7 Kh7 38. Qd4 Qg5 39. Kh3 Kg8 40. Qh4 Qxh4+ 41. Kxh4 Nc3 42. Nxh5 Kf8 43. Nf6 Ke7 44. Ne4 Nb1 45. Kg5 f5 46. Nc5 Nd2 47. Nd3 Nxf3+ 48. Kf4 Nd2 49. Nxb4 Nxb3 50. Nd3 Nd2 51. f3 Kf6 52. e4 fxe4 53. fxe4 Nc4 54. e5+ Ke7 55. Nc5 Kf7 56. Nxe6 Kxe6 57. Ke4 Nb6 58. Kf4 Nd7 59. Ke4 Nxe5 1/2-1/2

[Event "Titled Tuesday intern op 09th Jan Early"]
[Site "Chess.com INT"]
[Date "2024.01.09"]
[Round "7"]
[White "Materia, Marco"]
[Black "Lund, Gunnar"]
[Result "1-0"]
[WhiteElo "2430"]
[BlackElo "2321"]
[PlyCount "73"]
[EventDate "2024.01.09"]
[EventType "swiss (blitz)"]
[EventRounds "11"]
[EventCountry "USA"]
[SourceTitle "CB03_2024"]
[SourceDate "2024.01.17"]
[SourceVersion "1"]
[SourceVersionDate "2024.01.17"]
[SourceQuality "1"]

1. Nf3 d5 2. e3 Nf6 3. c4 e6 4. Nc3 Be7 5. b3 0-0 6. Bb2 b6 7. Be2 Bb7 8. 0-0 dxc4 9. bxc4 c5 10. d3 Nc6 11. Nd2 Rc8 12. Nce4 Nb4 13. Nxf6+ Bxf6 14. Bxf6 Qxf6 15. a3 Nc6 16. Bf3 Rfd8 17. Qe2 Qe7 18. Rfd1 Ne5 19. Bxb7 Qxb7 20. Nf1 Rd7 21. f4 Nc6 22. Ra2 Rcd8 23. Ng3 Na5 24. Rad2 b5 25. cxb5 Qxb5 26. f5 exf5 27. Nxf5 c4 28. Nd4 cxd3 29. Rxd3 Qe5 30. h3 h6 31. Qg4 Qg5 32. Qe4 Nc4 33. Nf3 Rxd3 34. Rxd3 Rxd3 35. Qe8+ Kh7 36. Nxg5+ hxg5 37. Qe4+ 1-0

[Event "Titled Tuesday intern op 19th Dec Early"]
[Site "Chess.com INT"]
[Date "2023.12.19"]
[Round "1"]
[White "Lund, Gunnar"]
[Black "Marinakis, Hristos"]
[Result "1-0"]
[WhiteElo "2321"]
[BlackElo "2130"]
[PlyCount "121"]
[EventDate "2023.12.19"]
[EventType "swiss (blitz)"]
[EventRounds "11"]
[EventCountry "USA"]
[SourceTitle "CB52_2023"]
[SourceDate "2023.12.27"]
[SourceVersion "1"]
[SourceVersionDate "2023.12.27"]
[SourceQuality "1"]

1. d4 Nf6 2. c4 e6 3. g3 c5 4. d5 exd5 5. cxd5 d6 6. Bg2 g6 7. Nc3 Bg7 8. Nf3 0-0 9. 0-0 Re8 10. Re1 a6 11. a4 Ne4 12. Nxe4 Rxe4 13. Nd2 Rb4 14. Qc2 Nd7 15. e4 Ne5 16. h3 g5 17. Nf1 Qf6 18. Kh1 g4 19. hxg4 Bxg4 20. Bd2 Rc4 21. Bc3 Qg6 22. Nh2 Qh5 23. Kg1 Bh3 24. Qd1 Bg4 25. Qd2 Nf3+ 26. Nxf3 Bxf3 27. Bxg7 Kxg7 28. Qf4 Bxg2 29. Kxg2 Qe5 30. Qg4+ Kh8 31. b3 Rd4 32. Rad1 Rg8 33. Qf3 Rxd1 34. Rxd1 Re8 35. Qxf7 Qxe4+ 36. Kg1 Qe7 37. Qf4 Qe5 38. Qf7 Qe7 39. Qh5 Qe5 40. Qh6 Qe7 41. Kh2 Rf8 42. Rf1 Qf6 43. Qe3 Qe5 44. Qxe5+ dxe5 45. Re1 Re8 46. Kg2 Kg7 47. Kf3 Kf6 48. Ke4 Rg8 49. Rh1 Rg4+ 50. f4 exf4 51. gxf4 Kg7 52. d6 Rg2 53. Rd1 Re2+ 54. Kf3 Re8 55. Kg4 Rd8 56. Kf5 Kf7 57. Ke5 Ke8 58. Ke6 Rd7 59. Rg1 Rf7 60. Rg8+ Rf8 61. d7+ 1-0

[Event "Titled Tuesday intern op 19th Dec Early"]
[Site "Chess.com INT"]
[Date "2023.12.19"]
[Round "4"]
[White "Stillger, Bernhard"]
[Black "Lund, Gunnar"]
[Result "1/2-1/2"]
[WhiteElo "2283"]
[BlackElo "2321"]
[PlyCount "230"]
[EventDate "2023.12.19"]
[EventType "swiss (blitz)"]
[EventRounds "11"]
[EventCountry "USA"]
[SourceTitle "CB52_2023"]
[SourceDate "2023.12.27"]
[SourceVersion "1"]
[SourceVersionDate "2023.12.27"]
[SourceQuality "1"]

1. Nf3 h6 2. e4 a6 3. d4 e6 4. c4 d6 5. Nc3 Nc6 6. Be3 Bd7 7. d5 Ne5 8. Nxe5 dxe5 9. c5 Nf6 10. Bc4 exd5 11. exd5 b6 12. c6 Bc8 13. 0-0 Bd6 14. h3 0-0 15. a4 Bf5 16. Qf3 Bg6 17. Qe2 Qc8 18. f4 exf4 19. Bxf4 Re8 20. Qd2 Qd8 21. b3 Bb4 22. Qb2 Bxc3 23. Qxc3 Nxd5 24. Qg3 Nxf4 25. Rxf4 Qd6 26. Raf1 Re7 27. Qg4 Qxc6 28. Rf6 Qc5+ 29. Kh1 Kh8 30. R6f4 Qg5 31. Qf3 Rf8 32. Bxa6 Bh5 33. Qf2 f6 34. Bc4 Bf7 35. Rg4 Qe5 36. Rf4 Bxc4 37. Rxc4 Rfe8 38. Qf4 Qxf4 39. Rfxf4 Rd8 40. Rc6 Rd3 41. b4 Ra3 42. b5 Kg8 43. Rfc4 Rg3 44. Rxc7 Re2 45. Rg4 Rxg4 46. hxg4 Re4 47. a5 bxa5 48. b6 Rb4 49. Ra7 Rxb6 50. Rxa5 Rb4 51. g5 hxg5 52. Kh2 Kh7 53. Kg3 Kg6 54. Ra8 Rb3+ 55. Kf2 Rb4 56. Kf3 Rb5 57. Ra7 Rb6 58. Kf2 Rc6 59. Rb7 Rc2+ 60. Kf3 Rc3+ 61. Kf2 Rc2+ 62. Kf1 Rc3 63. Kf2 Rc5 64. Kf3 Rf5+ 65. Kg3 Rf4 66. Rc7 Kh6 67. Kh3 Kg6 68. g3 Re4 69. Kg2 g4 70. Kf2 Re5 71. Rc6 Kg5 72. Ra6 g6 73. Ra7 f5 74. Ra6 Rc5 75. Rb6 Rc2+ 76. Kf1 Rc3 77. Kf2 Rc2+ 78. Kf1 Ra2 79. Kg1 Kh5 80. Kh1 g5 81. Rf6 Rf2 82. Kg1 Rf3 83. Kg2 f4 84. gxf4 gxf4 85. Rf5+ Kh4 86. Rf8 Rg3+ 87. Kf2 Rf3+ 88. Kg2 Kg5 89. Rg8+ Kf5 90. Rf8+ Ke5 91. Re8+ Kd4 92. Rd8+ Ke3 93. Re8+ Kd2 94. Rg8 Rg3+ 95. Kf2 Kd3 96. Rd8+ Ke4 97. Re8+ Kd4 98. Rd8+ Ke5 99. Re8+ Kd5 100. Rd8+ Kc4 101. Rf8 Rf3+ 102. Ke2 Re3+ 103. Kf2 Re4 104. Rf5 Rd4 105. Rg5 g3+ 106. Kf3 Kd3 107. Ra5 Rc4 108. Ra3+ Rc3 109. Ra4 Kd2+ 110. Kxf4 g2 111. Ra2+ Rc2 112. Ra1 Rc1 113. Ra2+ Rc2 114. Ra1 Rc3 115. Ra2+ Rc2 1/2-1/2

[Event "Titled Tuesday intern op 19th Dec Early"]
[Site "Chess.com INT"]
[Date "2023.12.19"]
[Round "8"]
[White "Zepeda Berlanga, Jan Enrique"]
[Black "Lund, Gunnar"]
[Result "0-1"]
[WhiteElo "1803"]
[BlackElo "2321"]
[PlyCount "54"]
[EventDate "2023.12.19"]
[EventType "swiss (blitz)"]
[EventRounds "11"]
[EventCountry "USA"]
[SourceTitle "CB52_2023"]
[SourceDate "2023.12.27"]
[SourceVersion "1"]
[SourceVersionDate "2023.12.27"]
[SourceQuality "1"]

1. e4 e6 2. Nf3 d5 3. exd5 exd5 4. d4 Nf6 5. Bd3 c5 6. 0-0 c4 7. Be2 Be7 8. a4 0-0 9. b3 cxb3 10. cxb3 Nc6 11. Re1 Bf5 12. Bf4 Rc8 13. Bd3 Bxd3 14. Qxd3 Nb4 15. Qe2 Nc2 16. Qxe7 Nxa1 17. Na3 Nxb3 18. Nb5 Re8 19. Qxd8 Rcxd8 20. Ne5 a6 21. Rb1 axb5 22. Rxb3 bxa4 23. Rxb7 Ra8 24. h4 a3 25. Rb1 a2 26. Ra1 Reb8 27. Bd2 Rb1+ 0-1

[Event "Titled Tuesday intern op 12th Dec Early"]
[Site "Chess.com INT"]
[Date "2023.12.12"]
[Round "4"]
[White "Durarbayli, Vasif"]
[Black "Lund, Gunnar"]
[Result "0-1"]
[WhiteElo "2627"]
[BlackElo "2321"]
[PlyCount "156"]
[EventDate "2023.12.12"]
[EventType "swiss (blitz)"]
[EventRounds "11"]
[EventCountry "USA"]
[SourceTitle "CB51_2023"]
[SourceDate "2023.12.20"]
[SourceVersion "1"]
[SourceVersionDate "2023.12.20"]
[SourceQuality "1"]

1. c4 d6 2. Nc3 e5 3. d4 exd4 4. Qxd4 Nc6 5. Qd2 g6 6. b3 Bg7 7. Bb2 Nge7 8. h4 Rg8 9. h5 Be6 10. Nf3 Qd7 11. Ng5 0-0-0 12. h6 Bxc3 13. Bxc3 d5 14. Nxh7 d4 15. Bb2 Rh8 16. Nf6 Qd6 17. e4 Qe5 18. Nd5 Nxd5 19. cxd5 Qxe4+ 20. Qe2 Qxd5 21. 0-0-0 Nb4 22. Bxd4 Bf5 23. Bxh8 Qc5+ 24. Kb2 Rxh8 25. Rh4 Nd3+ 26. Rxd3 Bxd3 27. Qg4+ Bf5 28. Qd4 Qxd4+ 29. Rxd4 Rxh6 30. Bc4 Rh2 31. Bd5 c6 32. Bf3 Rh1 33. g4 Rf1 34. Rd2 Be6 35. Kc3 Kc7 36. Kd3 Rg1 37. Ke3 Bxg4 38. Be4 Re1+ 39. Kf4 Be6 40. f3 Rh1 41. Kg5 Re1 42. Kf6 Re3 43. Rh2 Bd5 44. Bxd5 cxd5 45. f4 Rf3 46. Rh4 Kd6 47. Kxf7 g5 48. Rh6+ Kc5 49. Ke6 Rxf4 50. Rh7 Re4+ 51. Kf5 Kc6 52. Kxg5 Re2 53. a4 Re3 54. b4 Ra3 55. b5+ Kb6 56. Rh4 Kc5 57. Kf5 Re3 58. Rh7 Re4 59. Rxb7 Rxa4 60. Ke5 Re4+ 61. Kf5 Re1 62. Rxa7 Kxb5 63. Rc7 d4 64. Kf4 Kb4 65. Kf3 d3 66. Rd7 Kc3 67. Rc7+ Kd2 68. Kf2 Re2+ 69. Kf3 Re8 70. Kf2 Rf8+ 71. Kg2 Kd1 72. Rd7 d2 73. Rc7 Rf5 74. Kg3 Ke2 75. Re7+ Kd3 76. Rd7+ Ke3 77. Re7+ Kd4 78. Kg4 Rd5 0-1

[Event "Titled Tuesday intern op 12th Dec Early"]
[Site "Chess.com INT"]
[Date "2023.12.12"]
[Round "9"]
[White "Lund, Gunnar"]
[Black "Goh, Wei Ming Kevin"]
[Result "0-1"]
[WhiteElo "2321"]
[BlackElo "2471"]
[PlyCount "118"]
[EventDate "2023.12.12"]
[EventType "swiss (blitz)"]
[EventRounds "11"]
[EventCountry "USA"]
[SourceTitle "CB51_2023"]
[SourceDate "2023.12.20"]
[SourceVersion "1"]
[SourceVersionDate "2023.12.20"]
[SourceQuality "1"]

1. d4 Nf6 2. Bf4 e6 3. e3 c5 4. c3 cxd4 5. exd4 b6 6. Nd2 Be7 7. Ngf3 0-0 8. Bd3 Ba6 9. Bxa6 Nxa6 10. 0-0 d6 11. a4 Nc7 12. Qb3 Rb8 13. Rfe1 a6 14. Rad1 b5 15. axb5 axb5 16. Bg5 Ncd5 17. Bxf6 Bxf6 18. Ra1 Qc7 19. Ne4 Be7 20. Ng3 Rfc8 21. Ra6 b4 22. cxb4 Rxb4 23. Qa2 Rcb8 24. Ra7 Qb6 25. Re2 Rxb2 26. Rxb2 Qxb2 27. Qxb2 Rxb2 28. Ra8+ Bf8 29. h3 Rb7 30. Ne4 Rd7 31. Ra5 h6 32. Nfd2 f5 33. Ng3 Ne7 34. Nc4 Nc6 35. Ra8 Nxd4 36. Nh5 Kf7 37. Nf4 Be7 38. g4 Rc7 39. Ne3 g5 40. Nd3 f4 41. Nf1 Bf6 42. Nd2 d5 43. Nb4 Rb7 44. Na6 e5 45. Nc5 Rc7 46. Ra5 e4 47. Ndxe4 dxe4 48. Nxe4 Ne6 49. Nd6+ Kg6 50. Ra6 Nd4 51. Ne4 Rc6 52. Ra8 Re6 53. Nc5 Re1+ 54. Kh2 f3 55. Ra6 Kf7 56. Ra7+ Ke8 57. Nd3 Rd1 58. Ra3 Be7 59. Rc3 Bd6+ 0-1

[Event "Titled Tuesday intern op 12th Dec Early"]
[Site "Chess.com INT"]
[Date "2023.12.12"]
[Round "6"]
[White "Nguyen, Ngoc Truong Son"]
[Black "Lund, Gunnar"]
[Result "1-0"]
[WhiteElo "2633"]
[BlackElo "2321"]
[PlyCount "59"]
[EventDate "2023.12.12"]
[EventType "swiss (blitz)"]
[EventRounds "11"]
[EventCountry "USA"]
[SourceTitle "CB51_2023"]
[SourceDate "2023.12.20"]
[SourceVersion "1"]
[SourceVersionDate "2023.12.20"]
[SourceQuality "1"]

1. d4 d6 2. e4 Nf6 3. Nc3 e5 4. dxe5 dxe5 5. Qxd8+ Kxd8 6. Bc4 Be6 7. Bxe6 fxe6 8. Be3 Bd6 9. f3 Ke7 10. Nge2 Nbd7 11. 0-0-0 a6 12. b3 b5 13. Kb2 Rhb8 14. h4 Nc5 15. h5 a5 16. g4 a4 17. g5 Nfd7 18. g6 h6 19. Rhf1 Ra6 20. b4 a3+ 21. Kc1 Na4 22. Nxa4 Rxa4 23. c3 c5 24. f4 cxb4 25. f5 exf5 26. Ng3 Bc7 27. Nxf5+ Kf8 28. Rxd7 Ba5 29. Rf7+ Ke8 30. Nxg7+ 1-0

[Event "Titled Tuesday intern op 14th Nov Early"]
[Site "Chess.com INT"]
[Date "2023.11.14"]
[Round "7"]
[White "Csonka, Balazs"]
[Black "Lund, Gunnar"]
[Result "1-0"]
[WhiteElo "2480"]
[BlackElo "2321"]
[PlyCount "129"]
[EventDate "2023.11.14"]
[EventType "swiss (blitz)"]
[EventRounds "11"]
[EventCountry "USA"]
[SourceTitle "CB47_2023"]
[SourceDate "2023.11.22"]
[SourceVersion "1"]
[SourceVersionDate "2023.11.22"]
[SourceQuality "1"]

1. d4 d6 2. e4 Nf6 3. Nc3 e5 4. Nge2 exd4 5. Nxd4 Be7 6. g3 0-0 7. Bg2 Nbd7 8. 0-0 Nc5 9. a4 a5 10. b3 Re8 11. Bb2 Bf8 12. Re1 g6 13. Qd2 Bg7 14. h3 c6 15. Rad1 Qc7 16. Kh2 Bd7 17. f4 Rad8 18. Qf2 Bc8 19. Ba3 Nfd7 20. Nb1 Nb8 21. Nd2 Nba6 22. Nc4 Nb4 23. Qd2 Bxd4 24. Bxb4 axb4 25. Qxd4 Re6 26. f5 Ree8 27. Nxd6 b6 28. Nxe8 Rxe8 29. Qd6 Qxd6 30. Rxd6 gxf5 31. Rxc6 fxe4 32. Rxb6 Bf5 33. Rxb4 Rc8 34. Rc4 Be6 35. Rc3 f5 36. b4 Nxa4 37. Rxc8+ Bxc8 38. g4 fxg4 39. Rxe4 gxh3 40. Re8+ Kf7 41. Rxc8 hxg2 42. Kxg2 Nb6 43. Rc6 Nd5 44. b5 Ke7 45. c4 Nb4 46. Rc7+ Kd8 47. b6 Na6 48. Rxh7 Kc8 49. Kf3 Nc5 50. Ke3 Ne6 51. Rh6 Ng5 52. Kd4 Nf7 53. Rf6 Ng5 54. Kd5 Kb8 55. c5 Nh7 56. Rf7 Ng5 57. Rf8+ Kb7 58. Kc4 Ne4 59. Rf7+ Kc8 60. Rc7+ Kb8 61. Kb5 Nc3+ 62. Kc6 Ne4 63. Re7 Nf6 64. Re6 Nd7 65. Re8# 1-0